Estudios de Derecho Procesal Civil: bases para un nuevo Código Procesal Civil

Saved in:
Bibliografiske detaljer
Hovedforfatter: Fuente Paredes, Paulo de la (Author)
Format: Bog
Sprog:spansk
Udgivet: Santiago Librotecnia 2010
Udgivelse:1a. ed
Fag:
Tags: Tilføj Tag
Ingen Tags, Vær først til at tagge denne postø!

MARC

LEADER 00000nam a2200000 a 4500
001 UCG2606
003 CL-VaPUC
008 100715e20100500CL |||||||||||||||||spa|d
020 |a 9789563270167 
082 0 4 |a 345.05  |b FUE  |2 21 
100 0 |a Fuente Paredes, Paulo de la  |e author  |9 551090 
245 1 0 |a Estudios de Derecho Procesal Civil: bases para un nuevo Código Procesal Civil 
250 |a 1a. ed 
300 |a 377 p 
942 |c BK 
945 |d 20100715 00:00:00  |a mfarfan 
260 |a Santiago  |b Librotecnia  |c 2010 
650 0 |a Derecho procesal penal   |9 256392 
650 0 |a Derechos fundamentales   |9 254841 
650 0 |a Código penal  |9 255935 
650 0 |a Jurisprudencia  |9 255952 
583 |a last modification  |c 20100715 00:00:00  |k Rodrigo Vera 
999 |c 341736  |d 341734 
952 |0 0  |1 0  |4 0  |6 345_050000000000000_FUE_2010  |7 0  |8 A  |9 437432  |a BIBDER  |b BIBDER  |d 2019-11-22  |i 4695186  |l 4  |m 2  |o 345.05 FUE 2010  |p 4695186  |r 2023-12-06  |s 2023-12-06  |w 2019-11-22  |y BK  |k DER